Statistics for The Weeknd Trivia Chain #1

Click here to take the quiz!

General Stats

  • This quiz has been taken 1,867 times
  • The average score is 10 of 16

Answer Stats

HintAnswer% Correct
Fill in the blank: "Heaven or Las ______"Vegas
89%
The amount of songs in the album StarboyEighteen
86%
Lana Del Rey is on this track on the Starboy AlbumStargirl Interlude
85%
Complete the title of this song: "Twenty _______"Eight
83%
The Weeknd's real last nameTesfaye
83%
The Weeknd went touring on this continent in 2017Europe
73%
Kendrick Lamar is featured in this songSidewalks
67%
The Weeknd is of this African country's descentEthiopia
64%
This song is divided into 2 parts on the Trilogy AlbumThe Birds
62%
The artist that featured the Weeknd on "Some Way"NAV
60%
One of The Weeknd's original mixtapesEchoes of Silence
52%
"You just want me 'cuz I'm ______"Next
50%
The 13th track on the Starboy AlbumAttention
38%
The 8th track on the Beauty Behing the Madness AlbumShameless
38%
The city The Weeknd was born inScarborough
23%
Complete the lyrics: "That my _______ don't know already; We ______ our own sense"Heart; Make
17%

Score Distribution

Percentile by Number Answered

Percent of People with Each Score

Your Score History

You have not taken this quiz